000 00777nam a2200289Ia 4500
005 20260324133234.0
008 008 260324s9999 xx 000 0 eng d
020 _a9781315734255
037 _aEBOOK
040 _aCRL
040 _beng
040 _cCRL
041 _2eng
041 _aeng
084 _qCRL
100 _aBarry J. Zimmerman; Dale H. Schunk
_91192324
245 0 _aEducational Psychology
245 2 _bA Century of Contributions: A Project of Division 15 (educational Psychology) of the American Psychological Society
260 _bTaylor and Francis
260 _c2003
365 _a
365 _b255
856 _uhttp://www.taylorfrancis.com/books/9781315734255
942 _cEBOOK
999 _c1791197
_d1791197